| Tag |
First Indicator |
Second Indicator |
Subfields |
| LEADER |
00000ccm a2200000 a 4500 |
| 001 |
in00001407045 |
| 005 |
20151020073107.0 |
| 008 |
920910r1993uuuunyusuz n N/A |
| 010 |
|
|
|a 92030691
|
| 020 |
|
|
|a 0486275906 (pbk.)
|
| 035 |
|
|
|a (OCoLC)26765712
|
| 035 |
|
|
|9 AHQ4015AM
|
| 040 |
|
|
|a DLC
|c DLC
|d TXA
|d UtOrBLW
|
| 049 |
|
|
|a TXAM
|
| 050 |
0 |
0 |
|a M25
|b .G
|
| 090 |
|
|
|a M25.G8
|b P44 1993
|
| 100 |
1 |
|
|a Grieg, Edvard,
|d 1843-1907.
|
| 240 |
1 |
0 |
|a Instrumental music.
|k Selections
|
| 245 |
1 |
0 |
|a Peer Gynt suite, Holberg suite, and other works for piano solo /
|c Edvard Grieg.
|
| 264 |
|
1 |
|a New York :
|b Dover Publications,
|c 1993.
|
| 300 |
|
|
|a vii pages, 261 pages of music ;
|c 32 cm.
|
| 336 |
|
|
|a notated music
|b ntm
|2 rdacontent
|
| 337 |
|
|
|a unmediated
|b n
|2 rdamedia
|
| 338 |
|
|
|a volume
|b nc
|2 rdacarrier
|
| 500 |
|
|
|a "Republication of portions of volumes 2 and 3 of Werke für Klavier zu 2 Händen and the complete Sonate for piano, all originally published by C.F. Peters, Leipzig, n.d."--Title page verso.
|
| 505 |
0 |
|
|a Four pieces, op. 1 -- Poetic tone-pictures : op. 3 -- Humoresques, op. 6 -- Sonata in E minor, op. 7 -- Concerto in A minor, op. 16, arr. for piano solo -- Four album leaves : op. 28 -- Two elegiac melodies : op. 34 -- From Holberg's time : op. 40 -- Piano pieces after his own songs : op. 41 -- Peer Gynt suite : no. 1, op. 46 -- Piano pieces after his own songs : op. 52 -- Two melodies, op. 53 -- Peer Gynt suite : no. 2, op. 55 -- Moods : op. 73 -- Nordraak's funeral march -- Three piano pieces, WoOp.
|
| 650 |
|
0 |
|a Piano music.
|
| 650 |
|
0 |
|a Suites (Piano)
|
| 650 |
|
0 |
|a Piano music, Arranged.
|
| 948 |
|
|
|a c:jlg
|
| 944 |
|
|
|a stk
|h REPL<2423870>REP-SAME<>REF<cajsmith>
|m Replacement on order
|
| 999 |
|
|
|a MARS
|
| 999 |
f |
f |
|s 7949ef7a-f515-35ae-afb1-396f21420066
|i d6c576d9-da86-3ff7-9006-f154072a78a1
|t 0
|
| 952 |
f |
f |
|p normal
|a Texas A&M University
|b College Station
|c Sterling C. Evans Library
|d Evans: Library Stacks
|t 0
|e M25.G8 P44 1993
|h Library of Congress classification
|i unmediated -- volume
|m A14823305484
|
| 998 |
f |
f |
|a M25.G8 P44 1993
|t 0
|l Evans: Library Stacks
|